I Still Haven't Found What I'm Looking For - U2 (All Lyrics) - Statistics

General Stats
  • This quiz has been taken 61 times
  • The average score is 163 of 202
Answer Stats
Answer % Correct
have
100%
I
100%
for
98%
found
98%
haven't
98%
looking
98%
still
98%
what
98%
What
98%
be
96%
I'm
96%
the
96%
to
96%
you
96%
You
96%
But
93%
with
93%
a
91%
Only
91%
climbed
83%
highest
80%
run
80%
run,
80%
mountains
78%
of
78%
Of
78%
walls
78%
city
76%
in
76%
through
74%
fields
70%
these
70%
and
67%
angels
67%
scaled
67%
devil
63%
It
63%
it
63%
This
61%
hand
59%
my
59%
night
59%
Come
57%
held
57%
Believe
54%
believe
54%
Kingdom
54%
was
52%
as
50%
burning
50%
crawled
50%
cross
50%
desire
50%
her
50%
know
50%
all
48%
like
48%
one
48%
yes,
48%
into
46%
running
46%
will
46%
bleed
43%
Bleed
43%
fire
43%
spoke
43%
stone
43%
broke
41%
cold
41%
shame
41%
Carried
39%
Felt
39%
fingertips
39%
lips
39%
warm
39%
burned
37%
colors
37%
kissed
37%
healing
35%
honey
35%
Then
35%
tongue
35%
chains
33%
bonds
28%
loosed
24%
(mmm)
13%
No matching quizzes found
Score Distribution
Percent of People with Each Score
Percentile by Number Answered
Your Score History
You have not taken this quiz